书目信息 |
| 题名: |
课堂教学与班主任工作技能
|
|
| 作者: | 冯伟强 , 张洁 主编 | |
| 分册: | ||
| 出版信息: | 北京 北京师范大学出版社 2011.12 |
|
| 页数: | 175页 | |
| 开本: | 23cm | |
| 丛书名: | ||
| 单 册: | ||
| 中图分类: | G424.21 , G451.6 | |
| 科图分类: | ||
| 主题词: | 课堂教学--师资培训--教材 , 班主任工作--师资培训--教材 , 课堂教学 , 班主任工作 | |
| 电子资源: | ||
| ISBN: | 978-7-303-13581-3 | |
| 000 | 01047nam0 2200301 45 | |
| 001 | 1355410624 | |
| 005 | 20130513105153.34 | |
| 010 | @a978-7-303-13581-3@dCNY22.00 | |
| 100 | @a20130108d2011 em y0chiy50 ea | |
| 101 | 0 | @achi |
| 102 | @aCN@b110000 | |
| 105 | @aak z 000yy | |
| 106 | @ar | |
| 200 | 1 | @a课堂教学与班主任工作技能@AKe Tang Jiao Xue Yu Ban Zhu Ren Gong Zuo Ji Neng@f冯伟强,张洁主编@FFeng Wei Qiang, Zhang Jie Zhu Bian |
| 210 | @a北京@c北京师范大学出版社@d2011.12 | |
| 215 | @a175页@c图@d23cm | |
| 300 | @a教师教育系列教材 | |
| 330 | @a本书共分为九章,主要内容包括:课堂教学与班主任工作技能概述;课堂教学导入技能;课堂提问技能;课堂组织教学技能;课堂教学结束技能;学生评价技能等。 | |
| 606 | 0 | @a课堂教学@x师资培训@j教材 |
| 606 | 0 | @a班主任工作@x师资培训@j教材 |
| 606 | 0 | @a课堂教学 |
| 606 | 0 | @a班主任工作 |
| 690 | @aG424.21@v5 | |
| 690 | @aG451.6@v5 | |
| 701 | 0 | @a冯伟强@AFeng Wei Qiang@4主编 |
| 701 | 0 | @a张洁@AZhang Jie@4主编 |
| 801 | @aCN@bTANGWEI@c20130111 | |
| 905 | @b0831108-10@dG424.21@e237@f3 | |
| 课堂教学与班主任工作技能/冯伟强,张洁主编.-北京:北京师范大学出版社,2011.12 |
| 175页:图;23cm |
| 教师教育系列教材 |
| ISBN 978-7-303-13581-3:CNY22.00 |
| 本书共分为九章,主要内容包括:课堂教学与班主任工作技能概述;课堂教学导入技能;课堂提问技能;课堂组织教学技能;课堂教学结束技能;学生评价技能等。 |
| ● |
| 相关链接 |
|
|
|
|
正题名:课堂教学与班主任工作技能
索取号:G424.21/237
 
预约/预借
| 序号 | 登录号 | 条形码 | 馆藏地/架位号 | 状态 | 备注 |
| 1 | 0831108 | 208311085 | 第一样本阅览室/ [索取号:G424.21/237] | 在馆 | |
| 2 | 0831109 | 208311094 | 第四借阅区/ [索取号:G424.21/237] | 在馆 | |
| 3 | 0831110 | 208311101 | 教育系资料室/ [索取号:G424.21/237] | 在馆 |